Unbound: my story of liberation and the birth of the Me Too movement

Gespeichert in:  
Bibliographische Detailangaben
1. VerfasserIn: Burke, Tarana 1973- (Verfasst von)
Medienart: Druck Buch
Sprache:Englisch
Veröffentlicht: London Headline 2022
In:Jahr: 2021
Online-Zugang: Inhaltsverzeichnis
Klappentext
Bestand in Tübingen:In Tübingen vorhanden.
UB: KB 21 A 2568
Verfügbarkeit prüfen: HBZ Gateway
Subito Bestelldienst: Jetzt bestellen.
Schlagwörter:

MARC

LEADER 00000cam a2200000 c 4500
001 1823536077
003 DE-627
005 20260206194733.0
007 tu
008 221124r20222021xxk||||| 00| ||eng c
020 |a 9781472292353  |c pbk. : £10.99  |9 978-1-4722-9235-3 
035 |a (DE-627)1823536077 
035 |a (DE-603)491893957 
035 |a (DE-599)KXP1823536077 
035 |a (OCoLC)1315737924 
035 |a (OCoLC)1315737924 
040 |a DE-627  |b ger  |c DE-627  |e rda 
041 |a eng 
044 |c XA-GB 
082 0 |a 305.42092  |2 23 
084 |a 2,1  |2 ssgn 
100 1 |a Burke, Tarana  |d 1973-  |e VerfasserIn  |0 (DE-588)1241714711  |0 (DE-627)177165371X  |4 aut 
109 |a Burke, Tarana 1973-  |a Burke, Tarana J. 1973- 
245 1 0 |a Unbound  |b my story of liberation and the birth of the Me Too movement  |c Tarana Burke 
263 |a 202204 
264 1 |a London  |b Headline  |c 2022 
300 |a 258 Seiten  |b 1 Illustration  |c 20 cm 
336 |a Text  |b txt  |2 rdacontent 
337 |a ohne Hilfsmittel zu benutzen  |b n  |2 rdamedia 
338 |a Band  |b nc  |2 rdacarrier 
534 |c 2021 
583 1 |a Archivierung/Langzeitarchivierung gewährleistet  |f FID  |x XA-DE-BW  |2 pdager  |5 DE-21 
600 1 0 |a Burke, Tarana 
650 0 |a Women political activists  |z United States  |v Biography 
650 0 |a Minority women activists  |z United States  |v Biography 
650 0 |a MeToo movement  |z United States 
650 0 |a Adult child sexual abuse victims  |z United States  |v Biography 
650 0 7 |0 (DE-588)4000973-7  |0 (DE-627)106399241  |0 (DE-576)208840400  |a Aktivismus  |2 gnd 
650 0 7 |0 (DE-588)4046514-7  |0 (DE-627)104152206  |0 (DE-576)209069945  |a Politik  |2 gnd 
650 0 7 |0 (DE-588)4286929-8  |0 (DE-627)104298537  |0 (DE-576)210812869  |a Schwarze Frau  |2 gnd 
650 0 7 |0 (DE-588)4030650-1  |0 (DE-627)104254092  |0 (DE-576)208988483  |a Kindesmisshandlung  |2 gnd 
650 0 7 |0 (DE-588)1199474355  |0 (DE-627)1681806088  |a MeToo  |2 gnd 
650 4 |a Burke, Tarana 
650 4 |a Women political activists--United States--Biography 
650 4 |a Minority women activists--United States--Biography 
650 4 |a MeToo movement--United States 
650 4 |a Adult child sexual abuse victims--United States--Biography 
651 7 |0 (DE-588)4078704-7  |0 (DE-627)106076612  |0 (DE-576)209209682  |a Usa  |2 gnd 
655 7 |a Biografie  |0 (DE-588)4006804-3  |0 (DE-627)104213493  |0 (DE-576)208867147  |2 gnd-content 
689 0 0 |d s  |0 (DE-588)4286929-8  |0 (DE-627)104298537  |0 (DE-576)210812869  |a Schwarze Frau  |2 gnd 
689 0 1 |d s  |0 (DE-588)1199474355  |0 (DE-627)1681806088  |a MeToo  |2 gnd 
689 0 |5 (DE-627) 
856 4 2 |u https://swbplus.bsz-bw.de/bsz1823536077inh.htm  |m V:DE-576  |m B:DE-21  |v 20221125194324  |3 Inhaltsverzeichnis  |7 1 
856 4 2 |u https://swbplus.bsz-bw.de/bsz1823536077kla.htm  |m V:DE-576  |m B:DE-21  |v 20221125194324  |3 Klappentext  |7 1 
935 |a MZUSA 
936 s n |a m200  |2 mzub 
951 |a BO 
ELC |b 1 
LOK |0 000 xxxxxcx a22 zn 4500 
LOK |0 001 4219161457 
LOK |0 003 DE-627 
LOK |0 004 1823536077 
LOK |0 005 20221124131818 
LOK |0 008 221124||||||||||||||||ger||||||| 
LOK |0 040   |a DE-21  |c DE-627  |d DE-21 
LOK |0 852   |a DE-21 
LOK |0 852 1  |c KB 21 A 2568  |9 00 
LOK |0 935   |a krim 
LOK |0 938   |a 2211  |f 34 
LOK |0 939   |a 24-11-22  |b l01 
ORI |a SA-MARC-krimdoka001.raw 
SIG |a UB: KB 21 A 2568